000 00311nam a22001337a 4500
008 210707s2008 xx 000 0 und d
041 _aeng
082 _a052 BJ
245 _aBhavans journal
260 _bThe Divine Life Society
_c2008
650 _aCulture
650 _aCulture
906 _aBhavans journal
999 _c179558
_d179558